La alternativa socialdemócrata (Registro nro. 149998)

Detalles MARC
000 -CABECERA
campo de control de longitud fija 00498nam a2200217Ia 4500
001 - NÚMERO DE CONTROL
campo de control 149998
003 - IDENTIFICADOR DEL NÚMERO DE CONTROL
campo de control 243643
005 - FECHA Y HORA DE LA ÚLTIMA TRANSACCIÓN
campo de control 20241227062549.0
008 - DATOS DE LONGITUD FIJA--INFORMACIÓN GENERAL
campo de control de longitud fija 160304s1977 ||||||||| 000 0 spa d
082 ## - NÚMERO DE LA CLASIFICACIÓN DECIMAL DEWEY
Número de clasificación 335
100 ## - ENTRADA PRINCIPAL--NOMBRE DE PERSONA
Nombre de persona Brandt, Willy
9 (RLIN) 184400
245 #0 - MENCIÓN DE TÍTULO
Título La alternativa socialdemócrata
Resto del título cartas y conversaciones
250 ## - MENCIÓN DE EDICIÓN
Mención de edición Primera edición
260 ## - PUBLICACIÓN, DISTRIBUCIÓN, ETC.
Fecha de publicación, distribución, etc. 1977.
562 ## - NOTA DE IDENTIFICACIÓN DE LA COPIA Y VERSIÓN
Número de copias 1
526 ## - NOTA DE INFORMACIÓN SOBRE EL PROGRAMA DE ESTUDIO
Nombre del programa 4969 - ESPECIALIZACIÓN EN ADMINISTRACIÓN PÚBLICA CONTEMPORÁNEA - Presencial
526 ## - NOTA DE INFORMACIÓN SOBRE EL PROGRAMA DE ESTUDIO
Nombre del programa 51868 - ADMINISTRACIÓN PÚBLICA - Presencial
526 ## - NOTA DE INFORMACIÓN SOBRE EL PROGRAMA DE ESTUDIO
Nombre del programa 1697 - ADMINISTRACIÓN PÚBLICA TERRITORIAL - A distancia
650 #0 - PUNTO DE ACCESO ADICIONAL DE MATERIA--TÉRMINO DE MATERIA
Término de materia o nombre geográfico como elemento de entrada Socialismo
9 (RLIN) 1058
942 ## - ELEMENTOS DE PUNTO DE ACCESO ADICIONAL (KOHA)
Tipo de ítem Koha Libro
Existencias
Estado de retiro Estado de pérdida Estado dañado No para préstamo Código de colección Localización permanente Ubicación/localización actual Coste, precio normal de compra Total de préstamos Signatura topográfica completa Código de barras Fecha visto por última vez Número de copia Tipo de ítem Koha
        General Bogotá - Sede Central Bogotá - Sede Central 0.00   335 B71a 131395 22/02/2026 1 Libro